<?xml version="1.0" encoding="UTF-8"?>
<record
    xmlns:xsi="http://www.w3.org/2001/XMLSchema-instance"
    xsi:schemaLocation="http://www.loc.gov/MARC21/slim http://www.loc.gov/standards/marcxml/schema/MARC21slim.xsd"
    xmlns="http://www.loc.gov/MARC21/slim">

  <leader>00903nam a22001577a 4500</leader>
  <controlfield tag="003">OSt</controlfield>
  <controlfield tag="005">20151212140542.0</controlfield>
  <controlfield tag="008">151212b        xxu||||| |||| 00| 0 eng d</controlfield>
  <datafield tag="040" ind1=" " ind2=" ">
    <subfield code="c">RUA</subfield>
  </datafield>
  <datafield tag="082" ind1=" " ind2=" ">
    <subfield code="a">ATM.s ITH 2004 B212 Or.1</subfield>
  </datafield>
  <datafield tag="100" ind1=" " ind2=" ">
    <subfield code="9">4757</subfield>
    <subfield code="a">ITH, SARIN.</subfield>
  </datafield>
  <datafield tag="245" ind1=" " ind2=" ">
    <subfield code="a">Evaluation on multi functionality aspect of agricultural intensification under less area maximum production (lamp) at kop srau agricultural development center kandal province, &#x179F;&#x17B7;&#x1780;&#x17D2;&#x179F;&#x17B6;&#x179C;&#x17B6;&#x1799;&#x178F;&#x17C6;&#x179B;&#x17C3;&#x179B;&#x17BE;&#x1794;&#x17D2;&#x179A;&#x1796;&#x17D0;&#x1793;&#x17D2;&#x1792;&#x1798;&#x17BB;&#x1781;&#x1784;&#x17B6;&#x179A;&#x1785;&#x17C6;&#x179A;&#x17BB;&#x17C7;&#x1780;&#x179F;&#x17B7;&#x1780;&#x1798;&#x17D2;&#x1798;&#x178A;&#x17C2;&#x179B;&#x1792;&#x17D2;&#x179C;&#x17BE;&#x179B;&#x17BE;&#x1795;&#x17D2;&#x1791;&#x17C3;&#x178A;&#x17B8;&#x178F;&#x17BC;&#x1785;&#x1791;&#x1791;&#x17BD;&#x179B;&#x1795;&#x179B;&#x1785;&#x17D2;&#x179A;&#x17BE;&#x1793;(&#x179F;&#x17D2;&#x179A;&#x17C2;&#x17A1;&#x17B6;&#x17C6;&#x1784;) &#x1793;&#x17C5;&#x1798;&#x178E;&#x17D2;&#x178C;&#x179B;&#x17A2;&#x1797;&#x17B7;&#x179C;&#x178C;&#x17D2;&#x178D;&#x1793;&#x17CD;&#x1780;&#x179F;&#x17B7;&#x1780;&#x1798;&#x17D2;&#x1798;&#x1780;&#x1794;&#x179F;&#x17D2;&#x179A;&#x17BC;&#x179C; &#x1781;&#x17C1;&#x178F;&#x17D2;&#x178F;&#x1780;&#x178E;&#x17D2;&#x178A;&#x17B6;&#x179B;</subfield>
  </datafield>
  <datafield tag="260" ind1=" " ind2=" ">
    <subfield code="a">Phnom Penh</subfield>
    <subfield code="b">RUA</subfield>
    <subfield code="c">2004</subfield>
  </datafield>
  <datafield tag="300" ind1=" " ind2=" ">
    <subfield code="a">ix; 44p.</subfield>
    <subfield code="b">ill.</subfield>
    <subfield code="c">29cm.</subfield>
  </datafield>
  <datafield tag="942" ind1=" " ind2=" ">
    <subfield code="2">ddc</subfield>
    <subfield code="c">ATMSP</subfield>
  </datafield>
  <datafield tag="999" ind1=" " ind2=" ">
    <subfield code="c">4432</subfield>
    <subfield code="d">4432</subfield>
  </datafield>
  <datafield tag="952" ind1=" " ind2=" ">
    <subfield code="0">0</subfield>
    <subfield code="1">0</subfield>
    <subfield code="2">ddc</subfield>
    <subfield code="4">0</subfield>
    <subfield code="6">ATM__S_ITH_2004_000000000000000_B212_OR_1</subfield>
    <subfield code="7">0</subfield>
    <subfield code="9">22941</subfield>
    <subfield code="a">LBB</subfield>
    <subfield code="b">LBB</subfield>
    <subfield code="c">B212</subfield>
    <subfield code="d">2015-12-12</subfield>
    <subfield code="o">ATM.s ITH 2004 B212 Or.1</subfield>
    <subfield code="p">RUA033620</subfield>
    <subfield code="r">2015-12-12</subfield>
    <subfield code="w">2015-12-12</subfield>
    <subfield code="y">ATMSP</subfield>
  </datafield>
  <datafield tag="952" ind1=" " ind2=" ">
    <subfield code="0">0</subfield>
    <subfield code="1">0</subfield>
    <subfield code="2">ddc</subfield>
    <subfield code="4">0</subfield>
    <subfield code="6">ATM__S_ITH_2004_000000000000000_B212_OR_2</subfield>
    <subfield code="7">0</subfield>
    <subfield code="9">22942</subfield>
    <subfield code="a">LBB</subfield>
    <subfield code="b">LBB</subfield>
    <subfield code="c">B212</subfield>
    <subfield code="d">2015-12-12</subfield>
    <subfield code="o">ATM.s ITH 2004 B212 Or.2</subfield>
    <subfield code="p">RUA033623</subfield>
    <subfield code="r">2015-12-12</subfield>
    <subfield code="w">2015-12-12</subfield>
    <subfield code="y">ATMSP</subfield>
  </datafield>
  <datafield tag="952" ind1=" " ind2=" ">
    <subfield code="0">0</subfield>
    <subfield code="1">0</subfield>
    <subfield code="2">ddc</subfield>
    <subfield code="4">0</subfield>
    <subfield code="6">ATM__S_ITH_2004_000000000000000_B212_OR_3</subfield>
    <subfield code="7">0</subfield>
    <subfield code="9">22943</subfield>
    <subfield code="a">LBB</subfield>
    <subfield code="b">LBB</subfield>
    <subfield code="c">B212</subfield>
    <subfield code="d">2015-12-12</subfield>
    <subfield code="o">ATM.s ITH 2004 B212 Or.3</subfield>
    <subfield code="p">RUA009393</subfield>
    <subfield code="r">2015-12-12</subfield>
    <subfield code="w">2015-12-12</subfield>
    <subfield code="y">ATMSP</subfield>
  </datafield>
  <datafield tag="952" ind1=" " ind2=" ">
    <subfield code="0">0</subfield>
    <subfield code="1">0</subfield>
    <subfield code="2">ddc</subfield>
    <subfield code="4">0</subfield>
    <subfield code="6">ATM__S_ITH_2004_000000000000000_B212_OR_4</subfield>
    <subfield code="7">0</subfield>
    <subfield code="9">37178</subfield>
    <subfield code="a">LBB</subfield>
    <subfield code="b">LBB</subfield>
    <subfield code="c">B212</subfield>
    <subfield code="d">2016-02-04</subfield>
    <subfield code="o">ATM.s ITH 2004 B212 Or.4</subfield>
    <subfield code="p">RUA033653</subfield>
    <subfield code="r">2016-02-04</subfield>
    <subfield code="w">2016-02-04</subfield>
    <subfield code="y">ATMSP</subfield>
  </datafield>
  <datafield tag="952" ind1=" " ind2=" ">
    <subfield code="0">0</subfield>
    <subfield code="1">0</subfield>
    <subfield code="2">ddc</subfield>
    <subfield code="4">0</subfield>
    <subfield code="6">ATM__S_ITH_2004_000000000000000_B212_OR_5</subfield>
    <subfield code="7">0</subfield>
    <subfield code="9">37179</subfield>
    <subfield code="a">LBB</subfield>
    <subfield code="b">LBB</subfield>
    <subfield code="c">B212</subfield>
    <subfield code="d">2016-02-04</subfield>
    <subfield code="l">1</subfield>
    <subfield code="o">ATM.s ITH 2004 B212 Or.5</subfield>
    <subfield code="p">RUA017753</subfield>
    <subfield code="r">2016-04-19</subfield>
    <subfield code="s">2016-03-30</subfield>
    <subfield code="w">2016-02-04</subfield>
    <subfield code="y">ATMSP</subfield>
  </datafield>
  <datafield tag="952" ind1=" " ind2=" ">
    <subfield code="0">0</subfield>
    <subfield code="1">0</subfield>
    <subfield code="2">ddc</subfield>
    <subfield code="4">0</subfield>
    <subfield code="6">ATM__S_ITH_2004_000000000000000_B212_OR_6</subfield>
    <subfield code="7">0</subfield>
    <subfield code="9">37180</subfield>
    <subfield code="a">LBB</subfield>
    <subfield code="b">LBB</subfield>
    <subfield code="c">B212</subfield>
    <subfield code="d">2016-02-04</subfield>
    <subfield code="o">ATM.s ITH 2004 B212 Or.6</subfield>
    <subfield code="p">RUA009477</subfield>
    <subfield code="r">2016-02-04</subfield>
    <subfield code="w">2016-02-04</subfield>
    <subfield code="y">ATMSP</subfield>
  </datafield>
  <datafield tag="952" ind1=" " ind2=" ">
    <subfield code="0">0</subfield>
    <subfield code="1">0</subfield>
    <subfield code="2">ddc</subfield>
    <subfield code="4">0</subfield>
    <subfield code="6">ATM__S_ITH_2004_000000000000000_B212_OR</subfield>
    <subfield code="7">0</subfield>
    <subfield code="9">37181</subfield>
    <subfield code="a">LBB</subfield>
    <subfield code="b">LBB</subfield>
    <subfield code="c">B212</subfield>
    <subfield code="d">2016-02-04</subfield>
    <subfield code="o">ATM.s ITH 2004 B212 Or.</subfield>
    <subfield code="r">2016-02-04</subfield>
    <subfield code="w">2016-02-04</subfield>
    <subfield code="y">ATMSP</subfield>
  </datafield>
  <datafield tag="952" ind1=" " ind2=" ">
    <subfield code="0">0</subfield>
    <subfield code="1">0</subfield>
    <subfield code="2">ddc</subfield>
    <subfield code="4">0</subfield>
    <subfield code="6">ATM__S_ITH_2004_000000000000000_B212_OR</subfield>
    <subfield code="7">0</subfield>
    <subfield code="9">37182</subfield>
    <subfield code="a">LBB</subfield>
    <subfield code="b">LBB</subfield>
    <subfield code="c">B212</subfield>
    <subfield code="d">2016-02-04</subfield>
    <subfield code="o">ATM.s ITH 2004 B212 Or.</subfield>
    <subfield code="r">2016-02-04</subfield>
    <subfield code="w">2016-02-04</subfield>
    <subfield code="y">ATMSP</subfield>
  </datafield>
  <datafield tag="952" ind1=" " ind2=" ">
    <subfield code="0">0</subfield>
    <subfield code="1">0</subfield>
    <subfield code="2">ddc</subfield>
    <subfield code="4">0</subfield>
    <subfield code="6">ATM__S_ITH_2004_000000000000000_B212_OR</subfield>
    <subfield code="7">0</subfield>
    <subfield code="9">37183</subfield>
    <subfield code="a">LBB</subfield>
    <subfield code="b">LBB</subfield>
    <subfield code="c">B212</subfield>
    <subfield code="d">2016-02-04</subfield>
    <subfield code="o">ATM.s ITH 2004 B212 Or.</subfield>
    <subfield code="r">2016-02-04</subfield>
    <subfield code="w">2016-02-04</subfield>
    <subfield code="y">ATMSP</subfield>
  </datafield>
</record>
